02388nam a22002537a 4500001000500000005001700005020001800022040002900040082001100069100002500080245042000105250010400525260003300629300005000662505000700712520087000719520032401589521002801913521001801941650008601959650003102045700002802076700003002104135820250528095422.0 a9789924340089 aFISKHbengcFISKHdFISKH 2371.91 aGeystelen, Judit Van aទីណា​ ស្ដាប់មិនលឺ​ តែ... Tina cannot hear, yet... / c គំនិតផ្ដួចផ្ដើម និងរៀបរៀងអត្ថបទ Project Initiative and Text Judit van Geystelen - រូបថត Photography Ung Nita - បកប្រែពីភាសាអង់គ្លេសដោយ អ៊ូច សូលីដា Translation from English by Ouch Solida aបោះពុម្ពលើកទី ៤ ខែមិថុនា ឆ្នាំ​២០២២ aPhnom Penh : bSipar,c2022. a31 pages :bcolor illustrations ;c18 x 25 cm aP  aទីណាមានអាយុ ១៤ឆ្នាំ ហើយរស់នៅប្រទេសកម្ពុជា។ គេទៅសាលា ចូលចិត្តលេងជាមួយមិត្ត និងចង់ធ្វើដំណើរជំវិញពិភពលោក នៅពេលដែលគេធំឡើង។ ដូចជាក្មេងដ៏ទៃភាគច្រើនដែលមានអាយុដូចគ្នាដែរ ទីណាមានភាពរិករាយក្នុងជិវិត និងមានក្ដីសុបិន្តអំពីអនាគតរបស់គេ។ ប៉ុន្តែមានអ្វីម្យ់ាងដែលធ្វើឳ្យទីណាខុសគេ។ គេរស់នៅជាមួយពិការភាព គឺគេគថ្លង់។  aTina is 14 years old and lives in Cambodia. He goes to school, likes to hang out with his friends and would like to travel around the world when he grows up! Like most children of his age, Tina enjoys life and has dreams about his future. Yet, something is different about Tina. Tina lives with disability, He is deaf.  a600 bLexile estimate  aP bRaz-Plus  aពិការភាព vក្ដីសុបិន្តxដើរលេង  aDisabilityvDreamxTravel  aNita, Ung cillustrator aSolida, Ouch cTranslator